00300nam a2200109 a 450000500170000000800410001705000210005824500340007926000400011344000150015365000220016820140414132051.0110712s19uu xx 00 eng d aREF 031bCHI V.1 aChildcraft: Once upon a time. aChicago :bWorld Book, Inc.,c1987. aChildcraft aStories and poems